000 00576nam a2200169 4500
001 107898
003 ES-MaACL
005 20230906184523.0
007 t|
008 061121s1965 sp r ||||1| spa d
100 1 _aMountford, Charles P.
_983878
245 1 0 _aRostros bronceados y arenas rojas
_b: mitos y ritos de los indígenas de Australia Central /
_cCharles P. Mountford; versión por Ignacio Rodrigo.
260 _aBarcelona :
_bLabor,
_c1965.
300 _a218 p., 23 lám. ;
_c20 cm.
700 1 _aRodrigo, Ignacio.
_998173
852 _aES-MaACL
_jC-50916
_bR.72636
999 _c107898
_d107898